Soil solarization : Proceedings of the first International Conference on Soil solarization . Amman,Jordan,19-25 February 1990 (Record no. 40882)

MARC details
000 -LEADER
fixed length control field 00463nam a2200133Ia 4500
082 ## - DEWEY DECIMAL CLASSIFICATION NUMBER
Classification number 631.344:632.11
Item number DEV
245 #0 - TITLE STATEMENT
Title Soil solarization : Proceedings of the first International Conference on Soil solarization . Amman,Jordan,19-25 February 1990
260 ## - PUBLICATION, DISTRIBUTION, ETC. (IMPRINT)
Place of publication Rome
Name of publisher FAO
Year of publication 1991
490 ## - SERIES STATEMENT
Series statement FAO plant production and protection paper 109
650 ## - SUBJECT ADDED ENTRY--TOPICAL TERM
Topical Term Pest management
700 ## - ADDED ENTRY--PERSONAL NAME
Personal name De VAY, James E
942 ## - ADDED ENTRY ELEMENTS (KOHA)
Koha item type Books
Holdings
Withdrawn status Lost status Damaged status Not for loan Home library Current library Date acquired Cost, normal purchase price Full call number Accession Number Koha item type
        RRII Library RRII Library 16/12/2021 29.00 631.344:632.11 DEV 21176 Books